How to list and sell real estate in the 90s

Bibliographic Details
Main Author: Kennedy, Danielle
Other Authors: Jamison, Warren
Format: Book
Published: New Jersey : Prentice Hall , 1990
Subjects:

MARC

LEADER 00000cam a2200000 7i4500
001 0000003345
005 20050503.0
020 |a 0134022491 
040 |a INS 
090 0 0 |a HD1382.   |b K46 1990 
100 1 |a Kennedy, Danielle 
245 1 0 |a How to list and sell real estate in the 90s   |c Kennedy Danielle, 
260 |a New Jersey :   |b Prentice Hall ,   |c 1990 
300 |a xxiii, 481p. ;   |c 23.5 cm. 
650 0 0 |a Real estate agents 
650 0 0 |a Real estate business 
650 0 0 |a Real estate listing 
700 1 |a Jamison, Warren 
999 |a 0000005475   |b BOOK   |c Open Shelf   |e Default branch